00417nam a2200121Ia 4500008004100000082002000041100003000061245001500091260003900106300000900145630001800154650012300172211109s9999||||xx |||||||||||||| ||und|| a894.812 bULL-K aParameswaraiyer, Ulloor S 0aKiranavali bNATIONAL BOOKSTALLaKottayamc1935 a50p. xGeneral Stack aLiteratures of other languagesvAltaic, Uralic, Hyperborean & DravidianMalayalam LiteratureMalayalam PoetryxGeneralia